000 00975nac a22002291u 4500
008 080910s2003 mau|||||r|||| 001 0 eng d
010 _a 2001055815
020 _a0072528125
020 _a9780072528121
082 0 0 _a658.1511
_bG2421
_222
100 _aGarrison, Ray H.
_925976
245 1 0 _aManagerial Accounting /
_cRay H. Garrison, Eric W. Noreen.
250 _a10th ed.
260 _aBoston :
_bMcGraw-Hill/Irwin,2003
_cc2003.
300 _axxxvi, 838 p. :
_bcol. ill. ;
_c28 cm.+
_e1 CD-ROM (4 3/4 in.)
500 _aIncludes index.
650 0 _aManagerial accounting.
_925977
700 1 _aNoreen, Eric W.
_925978
942 _cBB
_k658.1511 G2421
_2ddc
999 _c4595
_d4595